Kto v Európe využíva internet najefektívnejšie?
Byť online je prirodzenou a nevyhnutnou súčasťou života dnešného Európana. Cieľom Digitálnej agendy Európskej komisie je vytvoriť Spoločný digitálny trh, kde bude mať každý prístup ku kvalitnému internetu. Kvalita internetovej siete však nie je všade rovnaká. Napriek tomu vedia niektorí aj z mála vy...
Saved in:
| Main Author: | |
|---|---|
| Format: | Book Chapter |
| Language: | Slovak |
| Subjects: | |
| Tags: |
No Tags, Be the first to tag this record!
|
MARC
| LEADER | 00000naa a2200000 4500 | ||
|---|---|---|---|
| 001 | 0249676 | ||
| 005 | 20240502074008.6 | ||
| 041 | 0 | |a slo | |
| 044 | |a SK | ||
| 245 | 1 | 0 | |a Kto v Európe využíva internet najefektívnejšie? |c Patrik Jankovič |
| 520 | |a Byť online je prirodzenou a nevyhnutnou súčasťou života dnešného Európana. Cieľom Digitálnej agendy Európskej komisie je vytvoriť Spoločný digitálny trh, kde bude mať každý prístup ku kvalitnému internetu. Kvalita internetovej siete však nie je všade rovnaká. Napriek tomu vedia niektorí aj z mála vyťažiť mnoho. Kľúčovou je v tomto prípade efektívnosť s akou dokážu ľudia v jednotlivých členských krajinách využiť existujúcu internetovú sieť na svoje potreby. Prehľad krajín podľa využívania vysokorýchglostného internetu. Digitálna výkonnosť a digitálna efektívnosť. | ||
| 610 | 2 | 0 | |a digitalizácia |
| 610 | 2 | 0 | |a siete počítačové |
| 610 | 2 | 0 | |a internet |
| 610 | 2 | 0 | |a analýza komparatívna |
| 610 | 2 | 0 | |a Európa |
| 610 | 2 | 0 | |a efektívnosť ekonomická |
| 610 | 2 | 0 | |a podnikatelia |
| 610 | 2 | 0 | |a infraštruktúra |
| 100 | 1 | |a Jankovič, Patrik, 1992- | |